Catch me if you can : (Record no. 1245)

000 -LEADER
fixed length control field 01761nam a22004217a 4500
001 - CONTROL NUMBER
control field 11914483
003 - CONTROL NUMBER IDENTIFIER
control field OSt
005 - DATE AND TIME OF LATEST TRANSACTION
control field 20210426101557.0
008 - FIXED-LENGTH DATA ELEMENTS--GENERAL INFORMATION
fixed length control field 000216r20001980nyu 000 0aeng
010 ## - LIBRARY OF CONGRESS CONTROL NUMBER
LC control number 00025063
020 ## - INTERNATIONAL STANDARD BOOK NUMBER
International Standard Book Number 0767905385
040 ## - CATALOGING SOURCE
Original cataloging agency DLC
Transcribing agency DLC
Modifying agency DLC
Language of cataloging eng
041 ## - LANGUAGE CODE
Language code of text/sound track or separate title eng
043 ## - GEOGRAPHIC AREA CODE
Geographic area code n-us---
050 00 - LIBRARY OF CONGRESS CALL NUMBER
Classification number HV6760.A18
Item number A33 2000
080 ## - UNIVERSAL DECIMAL CLASSIFICATION NUMBER
Universal Decimal Classification number 821.111
Item number A-12
082 00 - DEWEY DECIMAL CLASSIFICATION NUMBER
Classification number 364.16/3/092
-- B
Edition number 21
100 1# - MAIN ENTRY--PERSONAL NAME
Personal name Abagnale, Frank W.,
Dates associated with a name 1948-
245 10 - TITLE STATEMENT
Title Catch me if you can :
Remainder of title the amazing true story of the youngest and most daring con man in the history of fun and profit /
Statement of responsibility, etc. / by: Broadway Books
250 ## - EDITION STATEMENT
Edition statement 1st Broadway books trade pbk. edition
260 ## - PUBLICATION, DISTRIBUTION, ETC.
Place of publication, distribution, etc. New York
Name of publisher, distributor, etc. Broadway Books
Date of publication, distribution, etc. 2000.
300 ## - PHYSICAL DESCRIPTION
Extent 293 p.
Dimensions 21 cm.
365 ## - TRADE PRICE
Price amount 14.95 usd
500 ## - GENERAL NOTE
General note Originally published: New York : Grosset & Dunlap, c1980.
600 10 - SUBJECT ADDED ENTRY--PERSONAL NAME
Personal name Abagnale, Frank W.,
Dates associated with a name 1948-
650 #0 - SUBJECT ADDED ENTRY--TOPICAL TERM
Topical term or geographic name entry element Impostors and imposture
Geographic subdivision United States
Form subdivision Biography.
650 #0 - SUBJECT ADDED ENTRY--TOPICAL TERM
Topical term or geographic name entry element English literature
9 (RLIN) 254
650 #0 - SUBJECT ADDED ENTRY--TOPICAL TERM
Topical term or geographic name entry element Swindlers and swindling
Geographic subdivision United States
Form subdivision Biography.
653 ## - INDEX TERM--UNCONTROLLED
Uncontrolled term ინგლისური ლიტერატურა
653 ## - INDEX TERM--UNCONTROLLED
Uncontrolled term ბიოგრაფია
700 1# - ADDED ENTRY--PERSONAL NAME
Personal name Redding, Stan.
856 42 - ELECTRONIC LOCATION AND ACCESS
Materials specified Contributor biographical information
Uniform Resource Identifier <a href="http://www.loc.gov/catdir/bios/random052/00025063.html">http://www.loc.gov/catdir/bios/random052/00025063.html</a>
856 41 - ELECTRONIC LOCATION AND ACCESS
Materials specified Sample text
Uniform Resource Identifier <a href="http://www.loc.gov/catdir/samples/random045/00025063.html">http://www.loc.gov/catdir/samples/random045/00025063.html</a>
856 42 - ELECTRONIC LOCATION AND ACCESS
Materials specified Publisher description
Uniform Resource Identifier <a href="http://www.loc.gov/catdir/description/random0414/00025063.html">http://www.loc.gov/catdir/description/random0414/00025063.html</a>
906 ## - LOCAL DATA ELEMENT F, LDF (RLIN)
a 7
b cbc
c orignew
d 1
e ocip
f 20
g y-gencatlg
942 ## - ADDED ENTRY ELEMENTS (KOHA)
Source of classification or shelving scheme
Koha item type Books
Edition 1
Holdings
Withdrawn status Lost status Source of classification or shelving scheme Damaged status Not for loan Permanent location Current location Date acquired Inventory number Total Checkouts Full call number Barcode Date last seen Price effective from Koha item type
          Ken Walker International University Ken Walker International University 02/08/2021 1300   821.111 A-12 1300 02/08/2021 02/08/2021 Books

Powered by Koha